00439nam a2200145Ia 4500008004100000041001200041082001100053100002000064245003200084260000600116650000600122942000700128999001700135952014100152221030s9999 xx 000 0 und d aEnglish a105.23 aP. G. Wodehouse 0aUkridgecby P. G. Wodehouse c0 aB cBK c12746d12746 pB 3749l0o105.23 r2022-10-30 00:00:00w2022-10-30yBK003Print4070aMIETLIBbMIETLIBcBL-, FL-, CUP-0, SH-0, R-0d2012-06-1410HBE